The application of quality assurance to building surveyors. Follow up guidance provided by the Building Surveyors Division (Record no. 93010)

MARC details
000 -LEADER
fixed length control field 00726cam a2200217 4500
001 - CONTROL NUMBER
control field B2795
008 - FIXED-LENGTH DATA ELEMENTS--GENERAL INFORMATION
fixed length control field 090401t1990 xxu||||| |||| 00| 0 eng d
035 ## - SYSTEM CONTROL NUMBER
System control number (Sirsi) u52232
041 ## - LANGUAGE CODE
Language code of text/sound track or separate title eng
050 ## - LIBRARY OF CONGRESS CALL NUMBER
Classification number 690.3
090 ## - LOCALLY ASSIGNED LC-TYPE CALL NUMBER (OCLC); LOCAL CALL NUMBER (RLIN)
Classification number (OCLC) (R) ; Classification number, CALL (RLIN) (NR) RICS 1990/23ABCD
110 ## - MAIN ENTRY--CORPORATE NAME
Corporate name or jurisdiction name as entry element Royal Institution of Chartered Surveyors
Subordinate unit Building Surveyors Division
9 (RLIN) 4964
245 #4 - TITLE STATEMENT
Title The application of quality assurance to building surveyors. Follow up guidance provided by the Building Surveyors Division
260 ## - PUBLICATION, DISTRIBUTION, ETC.
Place of publication, distribution, etc. London
Name of publisher, distributor, etc. Royal Institution of Chartered Surveyors
Date of publication, distribution, etc. 1990
300 ## - PHYSICAL DESCRIPTION
Extent 14p. ; 30cm.
350 ## - PRICE (NR) (BK AM CF MU VM SE) [OBSOLETE]
Price 15
520 ## - SUMMARY, ETC.
Summary, etc. Building Surveyors Division.
650 ## - SUBJECT ADDED ENTRY--TOPICAL TERM
Topical term or geographic name entry element BUILT ENVIRONMENT-BUILDING INSPECTION
942 ## - ADDED ENTRY ELEMENTS (KOHA)
Suppress in OPAC 0
948 ## - LOCAL PROCESSING INFORMATION (OCLC); SERIES PART DESIGNATOR (RLIN)
c (OCLC) 04/03/1997
Holdings
Withdrawn status Lost status Source of classification or shelving scheme Damaged status Not for loan Home library Current library Shelving location Date acquired Cost, normal purchase price Total Checkouts Full call number Barcode Date last seen Copy number Cost, replacement price Price effective from Koha item type Date last checked out
    Dewey Decimal Classification     London London RICS Boxes 13/12/1991 15.00   RICS 1990/23 30023092 06/08/2019 1 15.00 06/08/2019 Archive  
    Dewey Decimal Classification     London London RICS Boxes 19/08/1991 15.00   RICS 1990/23 30031527 06/08/2019 2 15.00 06/08/2019 Reference material  
    Dewey Decimal Classification     London London RICS Boxes 19/08/1991 15.00 3 RICS 1990/23 30031538 06/08/2019 3 15.00 06/08/2019 Book 08/11/2001
    Dewey Decimal Classification     London London RICS Boxes 19/08/1991 15.00 3 RICS 1990/23 30031542 06/08/2019 4 15.00 06/08/2019 Book 01/06/2001